000 00409nam a22001697a 4500
999 _c2182
_d2181
005 20211109110427.0
008 160530b xxu||||| |||| 00| 0 eng d
020 _a978-0-07-015321-9
041 _aeng
082 _b6116
_a658.15
100 _aBhalla Swati and Anuraag S.
_94511
245 _aVisual Merchandising
260 _bTMH
_aNEW DELHI
300 _a232p,
650 _aManagement
_9241
942 _cBK